Multiple Ito and Stratonovich stochastic integrals: approximations, properties, formulas (Запись № 9930544)

Подробности
000 -МАРКЕР
контрольное поле 01663nam0a2200337 4500
001 - ИДЕНТИФИКАТОР ЗАПИСИ
контрольное поле RU\NLR\BIBL_A\010027216
005 - ИДЕНТИФИКАТОР ВЕРСИИ
контрольное поле 20250613200544.0
010 ## - МЕЖДУНАРОДНЫЙ СТАНДАРТНЫЙ НОМЕР КНИГИ (ISBN)
Номер (ISBN) 978-5-7422-3973-4
Тираж 200
021 ## - НОМЕР ГОСУДАРСТВЕННОЙ РЕГИСТРАЦИИ
Код страны российская федерация
Номер 2014-60143
Номер Листа государственной регистраци 3646
035 ## - ДРУГИЕ СИСТЕМНЫЕ НОМЕРА
Идентификатор записи (NLR Aleph) 010027216
100 ## - ДАННЫЕ ОБЩЕЙ ОБРАБОТКИ
Данные общей обработки 20140131d2013 |||y0rusy50 ca
101 0# - ЯЗЫК РЕСУРСА
Язык текста, звукозаписи и т.д. английский
102 ## - СТРАНА ПУБЛИКАЦИИ ИЛИ ПРОИЗВОДСТВА
Страна публикации российская федерация
105 ## - ПОЛЕ КОДИРОВАННЫХ ДАННЫХ: ТЕКСТОВЫЕ МАТЕРИАЛЫ, МОНОГРАФИЧЕСКИЕ
Кодированные данные о монографическом текстовом документе y |||||||||
200 1# - ЗАГЛАВИЕ И СВЕДЕНИЯ ОБ ОТВЕТСТВЕННОСТИ
Основное заглавие Multiple Ito and Stratonovich stochastic integrals: approximations, properties, formulas
Первые сведения об ответственности Dmitriy F. Kuznetsov
Последующие сведения об ответственности Min. of education a. sciences of Russ. Federation, Saint-Petersburg state polytechnical univ.
210 ## - ПУБЛИКАЦИЯ, РАСПРОСТРАНЕНИЕ И ДР.
Место издания, распространения и т.д. Saint-Petersburg
Имя издателя, распространителя и т. д. Polytechn. univ.
Дата издания, распространения и т.д. 2013
215 ## - ФИЗИЧЕСКАЯ ХАРАКТЕРИСТИКА
Специфическое обозначение материала и объем 380 c
Размеры 24
320 ## - ПРИМЕЧАНИЯ О НАЛИЧИИ В ДОКУМЕНТЕ БИБЛИОГРАФИИ / УКАЗАТЕЛЯ
Текст примечания Библиогр.: с. 377-380 (54 назв.)
606 1# - НАИМЕНОВАНИЕ ТЕМЫ КАК ПРЕДМЕТ
Наименование темы Ито стохастические уравнения
Тематический подзаголовок Аппроксимация
Системный номер авторитетной/нормативной записи 2090457
Идентификатор авторитетной/нормативной записи RU\NLR\AUTH\661568914
606 1# - НАИМЕНОВАНИЕ ТЕМЫ КАК ПРЕДМЕТ
Наименование темы Стохастические интегралы
Тематический подзаголовок Тейлора-Стратоновича разложения
Системный номер авторитетной/нормативной записи 2155807
Идентификатор авторитетной/нормативной записи RU\NLR\AUTH\661297848
606 1# - НАИМЕНОВАНИЕ ТЕМЫ КАК ПРЕДМЕТ
Наименование темы Аппроксимация рациональная рядами Фурье
Системный номер авторитетной/нормативной записи 2202122
Идентификатор авторитетной/нормативной записи RU\NLR\AUTH\661323240
686 1# - ИНДЕКСЫ ДРУГИХ КЛАССИФИКАЦИЙ
Индекс В192.162
686 1# - ИНДЕКСЫ ДРУГИХ КЛАССИФИКАЦИЙ
Индекс В192.14
700 #1 - ИМЯ ЛИЦА - ПЕРВИЧНАЯ ОТВЕТСТВЕННОСТЬ
Связь между полями z45790
Начальный элемент ввода Kuznecov
Часть имени, кроме начального элемента ввода D. F.
Даты 1970-
Расширение инициалов личного имени Dmitrij Feliksovič
790 #1 - ИМЯ ЛИЦА - АЛЬТЕРНАТИВНАЯ ФОРМА
Связь между полями z45700
Начальный элемент ввода Kuznetsov
Часть имени, кроме начального элемента ввода D.F.
Расширение инициалов личного имени Dmitriy F
830 ## - ОБЩЕЕ ПРИМЕЧАНИЕ, СОСТАВЛЕННОЕ КАТАЛОГИЗАТОРОМ
Текст примечания Несколько Ито и стохастических интегралов Стратоновича: аппроксимации, свойства, формулы
942 ## - ДОПОЛНИТЕЛЬНЫЕ ЭЛЕМЕНТЫ ЗАПИСИ (АБИС)
Тип экземпляра АБИС Книга
980 ## - КОЛЛЕКЦИЯ
Название коллекции Национальная библиография
Экземпляры
Тип экземпляра Дата поступления Источник поступления Стоимость Библиотека постоянного хранения Библиотека текущего хранения Место хранения Шифр хранения Штрих-код Статус не для выдачи
Книга 31.01.2014 Обязательный экземпляр 200.00 РНБ (Московский) РНБ (Московский) Иностранный книжный фонд Ик 2014-7/150 1-62850  
Книга 11.11.2014 Обязательный экземпляр   РНБ (Московский) РНБ (Московский) Обменный фонд, иностранный   1-735442